[Event "GER Seniors Derby 04th"]
[Site "Wesel Undeloh"]
[Date "2005.04.17"]
[Round "7.8"]
[White "Wilke, Detlev"]
[Black "Plomann, Michael"]
[Result "0-1"]
[WhiteElo "1710"]
[BlackElo "1699"]
[PlyCount "102"]
[EventDate "2005.04.14"]
[EventType "swiss"]
[EventRounds "7"]
[EventCountry "GER"]
[SourceTitle "EXT 2022"]
[Source "ChessBase"]
[SourceDate "2021.10.06"]
[SourceVersion "1"]
[SourceVersionDate "2021.10.06"]
[SourceQuality "1"]

1. d4 Nf6 2. c4 e6 3. Bg5 Be7 4. e3 h6 5. Bf4 d5 6. Nc3 c6 7. Nf3 Nh5 8. Bxb8 Rxb8 9. cxd5 exd5 10. Ne5 Nf6 11. Qa4 Qb6 12. Qc2 0-0 13. a3 Bd6 14. Nd3 Bf5 15. Be2 Rfe8 16. 0-0 Qc7 17. h3 Qd7 18. g4 Nxg4 19. hxg4 Bxg4 20. Ne5 Bxe5 21. dxe5 Rxe5 22. f3 Bh3 23. Rf2 Rxe3 24. Bf1 Rbe8 25. Bxh3 Qxh3 26. Raf1 R8e6 27. Rg2 Rxf3 28. Rxf3 Qxf3 29. Qf2 Re3 30. Ne2 Qxf2+ 31. Kxf2 Rb3 32. Nd4 Rxb2+ 33. Kf3 Rxg2 34. Kxg2 g6 35. Kf3 Kg7 36. Kf4 c5 37. Nb3 b6 38. Ke5 d4 39. Nd2 g5 40. a4 Kg6 41. Kd5 g4 42. Kc6 g3 43. Kb7 g2 44. Nf3 d3 45. Nh4+ Kh5 46. Nxg2 c4 47. Kxa7 d2 48. Ne3 c3 49. Kxb6 c2 50. Nxc2 d1Q 51. Nb4 Qxa4 0-1

[Event "GER Seniors Derby 04th"]
[Site "Wesel Undeloh"]
[Date "2005.04.16"]
[Round "6.4"]
[White "Krneta, Slavko"]
[Black "Wilke, Detlev"]
[Result "1-0"]
[WhiteElo "1715"]
[BlackElo "1710"]
[PlyCount "115"]
[EventDate "2005.04.14"]
[EventType "swiss"]
[EventRounds "7"]
[EventCountry "GER"]
[SourceTitle "EXT 2022"]
[Source "ChessBase"]
[SourceDate "2021.10.06"]
[SourceVersion "1"]
[SourceVersionDate "2021.10.06"]
[SourceQuality "1"]

1. e4 e5 2. Nf3 Nc6 3. Bc4 Be7 4. c3 d6 5. d4 exd4 6. cxd4 Bg4 7. Be3 Nf6 8. Nbd2 0-0 9. 0-0 a6 10. Rc1 Qd7 11. Bd3 Rae8 12. Bb1 Bd8 13. d5 Nb8 14. Ba7 Qc8 15. Qb3 Bxf3 16. gxf3 c5 17. Bxb8 Qxb8 18. Kh1 Nh5 19. Rg1 Bf6 20. Qc2 g6 21. Nc4 Qc7 22. Qd2 Bg7 23. Ne3 Bh6 24. Rg4 Nf6 25. Rg2 Re5 26. Rcg1 Kh8 27. Qc2 Rg8 28. Qc3 Bg7 29. b4 Rh5 30. Qc2 Qe7 31. bxc5 dxc5 32. a4 b5 33. axb5 axb5 34. Qb3 Rb8 35. Bd3 Qe8 36. Rb1 b4 37. Qc2 Nd7 38. Nc4 Bd4 39. Be2 Rh3 40. Rg3 Rh4 41. Bd3 Ne5 42. Ne3 Rb6 43. Ng2 Rh5 44. Bf1 g5 45. Ne3 Rbh6 46. h3 Nxf3 47. Rxf3 Bxe3 48. Rxe3 g4 49. Qxc5 g3 50. Qd4+ f6 51. Rxg3 Qc8 52. Kh2 Rh4 53. d6 Rf4 54. d7 Qd8 55. Rxb4 Rg6 56. Rxg6 hxg6 57. Qd6 Rxf2+ 58. Kg1 1-0